000 00557nam a2200193 a 4500
001 1769935627368
003 YourLibrary
005 20260201143128.0
008 260201s2000##################000#0#eng##
020 _a9780792386544
082 0 4 _a332.494
_bHAG
100 1 _aHagen, Jürgen von,
_eauthor.
245 1 0 _aRegional Aspects of Monetary Policy in Europe :
260 _bZEI Studies in European Economics and Law,
_c2000.
300 _a360 pages
650 0 _aBusiness & Economics.
942 _cENGLISH
040 _aYourLibrary
_beng
_cYourLibrary
999 _c609667
_d609667